| 000 | 00702cam a22002171a 4500 | ||
|---|---|---|---|
| 001 | ne 68002524 | ||
| 003 | DLC | ||
| 005 | 20260227111844.0 | ||
| 008 | 850906s1967 ua 000 0 ara | ||
| 010 | _ane 68002524 | ||
| 035 | _a(OCoLC)12498902 | ||
| 040 |
_aDLC _cOU _dOU _dDLC |
||
| 042 | _apremarc | ||
| 050 | 0 | 0 |
_aPK6525 _b.T5 |
| 100 | 1 | _aṬirāzī, Naṣr Allāh Mubashshir. | |
| 245 | 1 | 0 |
_aKashf al-lithām ʻan Rubāʻīyāt al-Khayyām / _ctaʼlīf Abū al-Naṣr Mubashshir al-Ṭirāzī al-Ḥusaynī. |
| 260 |
_a[Cairo : _bDār al-Kātib al-ʻArabī, _c1967] |
||
| 300 |
_a270 p. ; _c24 cm. |
||
| 504 | _aIncludes bibliographical references. | ||
| 600 | 0 | 0 |
_aOmar Khayyam. _tRubāʻīyāt. |
| 999 |
_c50544 _d50544 |
||